The Uruk phenomenon : the role of social ideology in the expansion of the Uruk culture during the fourth millennium BC
Αποθηκεύτηκε σε:
| Κύριος συγγραφέας: | |
|---|---|
| Μορφή: | Βιβλίο |
| Γλώσσα: | English |
| Δημοσίευση: |
[Oxford] :
[Archaeopress],
2000
|
| Σειρά: | BAR international series ;
; 900 |
| Θέματα: | |
| Ετικέτες: |
Προσθήκη ετικέτας
Δεν υπάρχουν, Καταχωρήστε ετικέτα πρώτοι!
|
MARC
| LEADER | 00000nam a2200000 i 4500 | ||
|---|---|---|---|
| 001 | 1/75156 | ||
| 008 | 080220s2000 eng d | ||
| 020 | |a 1-84171-096-2 | ||
| 035 | |l 10094848 | ||
| 040 | |a GR-MY-UA |b gre |e aacr | ||
| 041 | 0 | |a eng | |
| 082 | 0 | |a 935 |2 (22) | |
| 100 | 1 | |a Collins, Paul. | |
| 245 | 1 | 4 | |a The Uruk phenomenon : |b the role of social ideology in the expansion of the Uruk culture during the fourth millennium BC / |c Paul Collins |
| 260 | |a [Oxford] : |b [Archaeopress], |c 2000 | ||
| 300 | |a iv, 97 σ.; |b χάρτες, σχέδια; |c 30 εκ. | ||
| 490 | 1 | |a BAR international series |v ; 900 | |
| 504 | |a Βιβλιογραφία: σ. 69-86 | ||
| 650 | 0 | 0 | |a Civilization, Assyro-Babylonian. |
| 650 | 0 | 0 | |a Excavations (Archaeology) |z Iraq. |
| 651 | 0 | |a Erech (Extinct city) | |
| 651 | 0 | |a Iraq |x Antiquities. | |
| 830 | 0 | |a BAR international series ; |v ; 900 | |
| 852 | |a INST |b RHODES |e 20080220 |h 935 COL |p 005400029841 |q 005400029841 |t BK |y 0 | ||
| 901 | |a BIBL4-2008-1 | ||
| 909 | |a Ρ |b 145620 | ||
| 922 | |a 4ΕΛΗ |b 200801 |c ΕΠΕΑΕΚ2/ΤΜΣ |d ΕΛΕΥΘΕΡΟΥΔΑΚΗΣ | ||
| 970 | |a ΧΑΡΙΟΠΟΛΙΤΟΥ |b ΚΩΝΣΤΑΝΤΙΝΑ |z 2008/02/20 | ||